Statistics for Spanish Phrases

Click here to take the quiz!

General Stats

  • This quiz has been taken 7 times
  • The average score is 8 of 24

Answer Stats

EnglishSpanish% Correct
Where are you?Donde estas
86%
So soAsi asi
57%
I like/I don't likeMe gusta/no me gusta
57%
I'd like a beerMe gustaria una cerveza
57%
Eye (I'm watching you, or watch yourself)Ojo
57%
Butpero
57%
What's up?Que pasa
57%
Bad milk (someone who has bad intentions)Mala leche
43%
I don't knowNo lo se
43%
What music do you like?Que musica te gusta
43%
Do you like your job?Te gusta tu trabajo
43%
Good wave (means good vibes)Buena onda
29%
Eating flies (when a person goes off on tangents when talking)Comiendo moscas
29%
How are you doing?Como te va
29%
What's your job?En que trabajas
29%
See you soonHasta pronto
29%
Put in your batteries (means look alive)Ponte las pilas
29%
How much is this?Cuanta cuesta
14%
Are you ready?Estas listo
14%
I'm going homeMe voy a casa
14%
The catfish is biting me (I'm very hungry)Me pica el bagre
0%
Can you help me with this?Me puede ayudar con esto
0%
To screw upMeter la pata
0%
Want to grab a drink?Quieres tomar una copa
0%

Score Distribution

Percentile by Number Answered

Percent of People with Each Score

Your Score History

You have not taken this quiz